000 00319nam a22001337a 4500
008 180903b xxu||||| |||| 00| 0 eng d
020 _a0891187812
041 _aeng
080 _a574
100 _a9
101 _aMJE
245 _aUtilization, Treatment, and Disposal of Waste of Land
_cBrown, K.W
942 _2udc
_cBK
999 _c47482
_d47482